Fast type to 30 - Statistics

General Stats
  • This quiz has been taken 42 times
  • The average score is 23 of 30
Answer Stats
Type % Correct
1
100%
2
100%
3
100%
4
100%
5
100%
6
100%
7
94%
8
94%
9
94%
10
88%
11
75%
12
75%
13
75%
14
75%
15
75%
16
75%
17
75%
20
75%
19
69%
18
63%
21
63%
22
63%
23
63%
24
56%
25
56%
26
56%
27
56%
28
56%
29
50%
30
50%
No matching quizzes found
Score Distribution
Percent of People with Each Score
Percentile by Number Answered
Your Score History
You have not taken this quiz